| 000 | 004240000a22001690004500 | ||
|---|---|---|---|
| 003 | LK-CoMWRAF | ||
| 008 | 230817t ||||| |||| 00| 0 eng d | ||
| 040 |
_aLK-CoMWRAF _dLK-CoMWRAF _eLK-CoMWRAF |
||
| 041 | _aeng | ||
| 082 |
_a410 _bCHE |
||
| 245 |
_aCheenavin Jananayagamum Ethirkalamum _bCheenavin kalviyalar Hi Sennuden uraiyadal |
||
| 260 | _a | ||
| 300 | _ap.168 | ||
| 650 | _aChina | ||
| 650 | _aTamil | ||
| 942 | _cBK | ||
| 999 |
_c2696 _d2696 |
||